000 00554nam a2200193 a 4500
001 000002134
005 20200929145839.0
008 781228s1970 it b 001 0 ita
040 _aDO-SdBNP
_bspa
_cBNPHU
050 0 0 _aPQ4835.E47
_bT8
082 _a851/.9/14
_bP412t
100 1 _aPenna, Sandro,
_d1906-1977.
_96842
245 1 0 _aTutte le poesie /
_cSandro Penna.
260 _aMilano, Italy :
_bAldo Garzanti,
_c1970.
300 _a364 p. ;
_c22 cm.
400 1 1 _aHis
_tOpere
504 _aBibliography: p. xii.
910 _aCatalogación por copia / LC
999 _c1986
_d1986